[Event "Bezirksliga Oberbayern 1819"]
[Site "Bayern"]
[Date "2019.03.24"]
[Round "8.7"]
[White "Guenther, Carsten"]
[Black "Wohner, Johann"]
[Result "1-0"]
[WhiteElo "1887"]
[BlackElo "1546"]
[PlyCount "93"]
[EventDate "2018.10.21"]
[EventType "team-tourn"]
[EventRounds "9"]
[EventCountry "GER"]
[SourceTitle "EXT 2022"]
[Source "ChessBase"]
[SourceDate "2021.10.06"]
[SourceVersion "1"]
[SourceVersionDate "2021.10.06"]
[SourceQuality "1"]
[WhiteTeam "Germering"]
[BlackTeam "Traunstein/Traunreut"]
[WhiteTeamCountry "GER"]
[BlackTeamCountry "GER"]

1. e4 c6 2. d4 d5 3. e5 Bf5 4. g4 Bd7 5. Nd2 e6 6. Ngf3 c5 7. c3 Nc6 8. Be2 cxd4 9. cxd4 Bb4 10. a3 Bxd2+ 11. Bxd2 Qb6 12. Bc3 Na5 13. Bxa5 Qxa5+ 14. Qd2 Qxd2+ 15. Kxd2 Ne7 16. Ke3 Rc8 17. Bd3 a6 18. Rac1 Rxc1 19. Rxc1 Nc6 20. Nd2 g5 21. Be2 Ke7 22. Nb3 Rc8 23. h3 Na7 24. Rxc8 Nxc8 25. f4 h6 26. Nc5 gxf4+ 27. Kxf4 Bc6 28. g5 hxg5+ 29. Kxg5 Nb6 30. h4 Nc4 31. Bxc4 dxc4 32. h5 a5 33. h6 Kf8 34. Kf6 Kg8 35. Nxe6 fxe6 36. Kxe6 b5 37. d5 Be8 38. Ke7 b4 39. Kxe8 bxa3 40. bxa3 c3 41. d6 c2 42. d7 c1Q 43. d8Q Qxh6 44. Kd7+ Kg7 45. Qe7+ Kg8 46. e6 Qh1 47. Qg5+ 1-0

[Event "Bezirksliga Oberbayern 1819"]
[Site "Bayern"]
[Date "2018.11.25"]
[Round "3.7"]
[White "Waller, Stefan"]
[Black "Guenther, Carsten"]
[Result "1/2-1/2"]
[WhiteElo "1834"]
[BlackElo "1887"]
[PlyCount "60"]
[EventDate "2018.10.21"]
[EventType "team-tourn"]
[EventRounds "9"]
[EventCountry "GER"]
[SourceTitle "EXT 2022"]
[Source "ChessBase"]
[SourceDate "2021.10.06"]
[SourceVersion "1"]
[SourceVersionDate "2021.10.06"]
[SourceQuality "1"]
[WhiteTeam "Fuerstenfeldbruck TuS"]
[BlackTeam "Germering"]
[WhiteTeamCountry "GER"]
[BlackTeamCountry "GER"]

1. e4 e6 2. d4 b6 3. Nc3 Bb7 4. Bf4 Bb4 5. Bd3 Nf6 6. f3 d5 7. e5 Nfd7 8. a3 Be7 9. Nce2 c5 10. c3 Nc6 11. Nh3 h6 12. Rc1 c4 13. Bc2 b5 14. Ng3 Qc7 15. Qd2 0-0-0 16. Be3 Rdg8 17. f4 g6 18. Ne2 Nb6 19. Rg1 Bh4+ 20. g3 Bd8 21. Rg2 Ne7 22. g4 Nc6 23. Rg1 Na5 24. Qd1 Bc6 25. Kf1 Be7 26. Ng3 f6 27. Kg2 f5 28. Kh1 Be8 29. Qf3 Nd7 30. Ne2 Bf7 1/2-1/2

[Event "Regionalliga Sued-Ost 1718"]
[Site "Bayern"]
[Date "2017.12.10"]
[Round "4.5"]
[White "Guenther, Carsten"]
[Black "Stoffel, Matthias"]
[Result "1/2-1/2"]
[WhiteElo "1909"]
[BlackElo "1955"]
[PlyCount "81"]
[EventDate "2017.10.22"]
[EventType "team-tourn"]
[EventRounds "9"]
[EventCountry "GER"]
[SourceTitle "EXT 2022"]
[Source "ChessBase"]
[SourceDate "2021.10.06"]
[SourceVersion "1"]
[SourceVersionDate "2021.10.06"]
[SourceQuality "1"]
[WhiteTeam "Germering"]
[BlackTeam "Bruckmuehl SK"]
[WhiteTeamCountry "GER"]
[BlackTeamCountry "GER"]

1. e4 c5 2. d4 cxd4 3. c3 Nf6 4. e5 Nd5 5. Qxd4 e6 6. Nf3 Nc6 7. Qe4 f5 8. Qe2 Be7 9. g3 b5 10. Bg2 b4 11. c4 Ba6 12. b3 0-0 13. Bb2 Bc5 14. Qd2 Nde7 15. 0-0 Qb6 16. Qe2 Bb7 17. Nbd2 Kh8 18. Ng5 Ng8 19. Rad1 Nh6 20. Ndf3 Rad8 21. Rd2 Ng4 22. Nh3 Rf7 23. Nf4 Rg8 24. h3 g5 25. Nd3 Ne3 26. fxe3 Bxe3+ 27. Kh2 g4 28. c5 gxf3 29. Bxf3 Bxc5 30. Nxc5 Qxc5 31. Rg1 f4 32. g4 Qe3 33. Rd3 Qxe2+ 34. Bxe2 Ba6 35. Rd2 Bxe2 36. Rxe2 Ne7 37. Rd1 Ng6 38. Re4 Rc8 39. Rd2 Nh4 40. Rf2 a5 41. Bd4 1/2-1/2

[Event "Regionalliga SO 1617"]
[Site "Bayern"]
[Date "2017.04.30"]
[Round "9.6"]
[White "Seitner, Ralf"]
[Black "Guenther, Carsten"]
[Result "1/2-1/2"]
[WhiteElo "2022"]
[BlackElo "1927"]
[PlyCount "97"]
[EventDate "2016.10.16"]
[EventType "team-tourn"]
[EventRounds "9"]
[EventCountry "GER"]
[SourceTitle "EXT 2019"]
[Source "ChessBase"]
[SourceDate "2018.10.10"]
[SourceVersion "1"]
[SourceVersionDate "2018.10.10"]
[SourceQuality "1"]
[WhiteTeam "Ingolstadt"]
[BlackTeam "Germering"]
[WhiteTeamCountry "GER"]
[BlackTeamCountry "GER"]

1. d4 e6 2. c4 b6 3. a3 Bb7 4. Nc3 f5 5. d5 Nf6 6. g3 Na6 7. Bg2 Nc5 8. Nh3 Bd6 9. 0-0 0-0 10. Be3 Nce4 11. Nxe4 fxe4 12. dxe6 dxe6 13. Ng5 Qe7 14. Qc2 Be5 15. Rab1 Ng4 16. Bd2 Bd4 17. Nxe4 Bxe4 18. Bxe4 Bxf2+ 19. Kg2 Rad8 20. Bf3 Ne3+ 21. Bxe3 Bxe3 22. Qe4 Bh6 23. Rbd1 g6 24. Bg4 e5 25. Rxf8+ Bxf8 26. Rxd8 Qxd8 27. Qxe5 Bg7 28. Qe6+ Kh8 29. b3 Bf6 30. Kf3 Qe7 31. Ke4 Kg7 32. Qxe7+ Bxe7 33. b4 Kf6 34. Kd5 Bd6 35. Bc8 h6 36. Ba6 Be5 37. Kc6 Bb2 38. a4 Ba3 39. Kb5 Ke5 40. c5 Kd5 41. Bb7+ Kd4 42. cxb6 cxb6 43. a5 Kc3 44. Be4 g5 45. h4 gxh4 46. gxh4 Bxb4 47. a6 Bc5 48. Kc6 Be3 49. Kb5 1/2-1/2

[Event "Regionalliga SO 1617"]
[Site "Bayern"]
[Date "2017.04.02"]
[Round "8.6"]
[White "Guenther, Carsten"]
[Black "Huber, Hans"]
[Result "1/2-1/2"]
[WhiteElo "1927"]
[BlackElo "1911"]
[PlyCount "55"]
[EventDate "2016.10.16"]
[EventType "team-tourn"]
[EventRounds "9"]
[EventCountry "GER"]
[SourceTitle "EXT 2019"]
[Source "ChessBase"]
[SourceDate "2018.10.10"]
[SourceVersion "1"]
[SourceVersionDate "2018.10.10"]
[SourceQuality "1"]
[WhiteTeam "Germering"]
[BlackTeam "Trostberg"]
[WhiteTeamCountry "GER"]
[BlackTeamCountry "GER"]

1. e4 e6 2. d4 d5 3. Nc3 dxe4 4. Nxe4 Nd7 5. Nf3 Ngf6 6. Nxf6+ Nxf6 7. c3 Be7 8. Ne5 0-0 9. Be2 c5 10. Be3 Qc7 11. Qc1 cxd4 12. Bxd4 b6 13. Bf3 Bb7 14. Bxb7 Qxb7 15. 0-0 Rac8 16. Qf4 Bc5 17. Rad1 Rfd8 18. Rfe1 Bxd4 19. Rxd4 Rxd4 20. Qxd4 Qd5 21. Rd1 Rd8 22. Qxd5 Rxd5 23. Rxd5 Nxd5 24. g3 f6 25. Nc6 a6 26. c4 Nc7 27. b4 Kf7 28. Nd4 1/2-1/2

[Event "Regionalliga SO 1617"]
[Site "Bayern"]
[Date "2017.02.05"]
[Round "5.7"]
[White "Guenther, Carsten"]
[Black "Probst, Albert"]
[Result "0-1"]
[WhiteElo "1927"]
[BlackElo "1900"]
[PlyCount "72"]
[EventDate "2016.10.16"]
[EventType "team-tourn"]
[EventRounds "9"]
[EventCountry "GER"]
[SourceTitle "EXT 2019"]
[Source "ChessBase"]
[SourceDate "2018.10.10"]
[SourceVersion "1"]
[SourceVersionDate "2018.10.10"]
[SourceQuality "1"]
[WhiteTeam "Germering"]
[BlackTeam "Bruckmuehl"]
[WhiteTeamCountry "GER"]
[BlackTeamCountry "GER"]

1. e4 g6 2. d4 Bg7 3. Nc3 d6 4. Be3 Nf6 5. f3 Nbd7 6. Qd2 e5 7. d5 a6 8. g4 h5 9. g5 Ng8 10. h4 Ne7 11. Bg2 0-0 12. Nge2 b5 13. 0-0 Nb6 14. b3 Bd7 15. Ng3 Rc8 16. Nce2 c6 17. dxc6 Rxc6 18. Rad1 d5 19. exd5 Nexd5 20. Bf2 Be6 21. f4 Qc7 22. f5 Rxc2 23. Qe1 gxf5 24. Nxh5 Rc8 25. Nxg7 Kxg7 26. a4 bxa4 27. bxa4 Qc4 28. Ng3 Nd7 29. Bh3 Nf4 30. Bxf5 Ne2+ 31. Kh2 Qxh4+ 32. Kg2 Nxg3 33. Bxe6 Qxg5 34. Rxd7 Ne4+ 35. Kh2 Rh8+ 36. Bh3 Qg3+ 0-1

[Event "Regionalliga SO 1617"]
[Site "Bayern"]
[Date "2016.10.16"]
[Round "1.6"]
[White "Guenther, Carsten"]
[Black "Lettl, Gerhard"]
[Result "0-1"]
[WhiteElo "1927"]
[BlackElo "2001"]
[PlyCount "98"]
[EventDate "2016.10.16"]
[EventType "team-tourn"]
[EventRounds "9"]
[EventCountry "GER"]
[SourceTitle "EXT 2019"]
[Source "ChessBase"]
[SourceDate "2018.10.10"]
[SourceVersion "1"]
[SourceVersionDate "2018.10.10"]
[SourceQuality "1"]
[WhiteTeam "Germering"]
[BlackTeam "Tegernsee"]
[WhiteTeamCountry "GER"]
[BlackTeamCountry "GER"]

1. e4 e5 2. Nf3 Nf6 3. Nxe5 d6 4. Nxf7 Kxf7 5. d4 c5 6. Nc3 Be7 7. Bc4+ Be6 8. Bxe6+ Kxe6 9. 0-0 Kf7 10. f4 Rf8 11. d5 Qc7 12. g4 Kg8 13. g5 Ne8 14. Be3 Nd7 15. Qg4 g6 16. Ne2 Ng7 17. Ng3 Rf7 18. e5 dxe5 19. f5 gxf5 20. Nxf5 Nxf5 21. Rxf5 Raf8 22. Raf1 Rxf5 23. Rxf5 Rxf5 24. Qxf5 Nf8 25. h4 Bd6 26. c4 Qf7 27. Qg4 Qg6 28. h5 Qb1+ 29. Kg2 Qxb2+ 30. Bf2 Qxa2 31. g6 hxg6 32. hxg6 Qc2 33. g7 Ng6 34. Qe6+ Kxg7 35. Qxd6 Nf4+ 36. Kg1 Qd1+ 37. Kh2 Qh5+ 38. Kg1 Qg4+ 39. Kf1 Qh3+ 40. Ke1 Qc3+ 41. Kf1 Qc1+ 42. Be1 Qxc4+ 43. Kg1 Qd4+ 44. Bf2 Qd1+ 45. Kh2 Qh5+ 46. Kg1 Qg4+ 47. Kf1 Qd1+ 48. Be1 Qe2+ 49. Kg1 Qg2# 0-1

[Event "Regionalliga SO 1516"]
[Site "Bayern"]
[Date "2015.10.25"]
[Round "2.8"]
[White "Grausgruber, Rene"]
[Black "Guenther, Carsten"]
[Result "1-0"]
[WhiteElo "1934"]
[BlackElo "1927"]
[PlyCount "135"]
[EventDate "2015.10.11"]
[EventType "team-tourn"]
[EventRounds "9"]
[EventCountry "GER"]
[SourceTitle "EXT 2018"]
[Source "ChessBase"]
[SourceDate "2017.10.13"]
[SourceVersion "1"]
[SourceVersionDate "2017.10.13"]
[SourceQuality "1"]
[WhiteTeam "Waldkraiburg"]
[BlackTeam "Germering"]
[WhiteTeamCountry "GER"]
[BlackTeamCountry "GER"]

1. e4 e6 2. d4 b6 3. Be3 Bb7 4. Nd2 c5 5. Ngf3 cxd4 6. Bxd4 Nc6 7. Bc3 Nf6 8. Bd3 Bb4 9. Bxb4 Nxb4 10. Nc4 0-0 11. Nd6 Nxd3+ 12. cxd3 Bc6 13. Rc1 Qe7 14. e5 Ne8 15. Nc4 f6 16. 0-0 fxe5 17. Ncxe5 Bd5 18. Qa4 d6 19. Qa3 Qb7 20. Nc4 Bxf3 21. gxf3 Qxf3 22. d4 Qd5 23. Ne3 Qh5 24. Ng2 Rf6 25. Rc3 Rh6 26. h3 Rg6 27. Re1 Qd5 28. Rg3 Rf6 29. Qe3 Nc7 30. Rc1 Nb5 31. Rg4 Raf8 32. a4 Rf3 33. Qh6 R3f7 34. axb5 Qf3 35. Qe3 Qd5 36. Rc2 Qf5 37. Re2 Re8 38. Rg5 Qf6 39. Rc2 Kh8 40. Rc6 Rd8 41. Rg4 Qf5 42. Rf4 Qb1+ 43. Kh2 Rxf4 44. Qxf4 h6 45. Rxd6 Rxd6 46. Qxd6 Qxb2 47. Qf4 Qxb5 48. Ne3 a5 49. Ng4 Qg5 50. Qe4 Qe7 51. Ne5 Kg8 52. Qc6 Qf6 53. Kg2 Qg5+ 54. Kf1 Qf5 55. Kg2 Qg5+ 56. Kf3 Qh5+ 57. Kg3 Qg5+ 58. Ng4 h5 59. Qxe6+ Kf8 60. f4 h4+ 61. Kf3 Qb5 62. Ne5 Qf1+ 63. Kg4 Qe2+ 64. Kxh4 Qf2+ 65. Kg5 Qg2+ 66. Kh5 Qe2+ 67. Kg6 Qg2+ 68. Kh7 1-0

[Event "Mittelrhein Verbandsliga-O 1112"]
[Site "Germany"]
[Date "2012.05.06"]
[Round "10"]
[White "Guenther, Carsten"]
[Black "Weber, Manfred"]
[Result "1/2-1/2"]
[WhiteElo "1565"]
[BlackElo "1571"]
[PlyCount "61"]
[EventDate "2011.09.18"]
[EventType "team-tourn"]
[EventRounds "11"]
[EventCountry "GER"]
[SourceTitle "EXT 2013"]
[Source "ChessBase"]
[SourceDate "2012.11.22"]
[SourceVersion "1"]
[SourceVersionDate "2012.11.22"]
[SourceQuality "1"]
[WhiteTeam "Siegburg"]
[BlackTeam "Freibauer Eikamp"]
[WhiteTeamCountry "GER"]
[BlackTeamCountry "GER"]

1. e4 e5 2. Bc4 Nf6 3. d3 Be7 4. Nc3 c6 5. Qf3 d6 6. h3 Be6 7. Nge2 Bxc4 8. dxc4 Nbd7 9. 0-0 0-0 10. Ng3 g6 11. Bh6 Re8 12. Rad1 Nc5 13. Nf5 Ne6 14. Nxe7+ Qxe7 15. Rxd6 Qxd6 16. Qxf6 Qe7 17. Qxe5 f6 18. Qg3 Qc5 19. Rd1 Rad8 20. Rxd8 Rxd8 21. Qh4 g5 22. Qg3 Kf7 23. h4 Kg6 24. hxg5 fxg5 25. Qg4 Re8 26. Nd5 Kxh6 27. Qf5 Qf8 28. Nf6 Re7 29. e5 Qf7 30. Qh3+ Kg6 31. Qd3+ 1/2-1/2

[Event "Troisdorf op "]
[Site "Troisdorf"]
[Date "2010.11.23"]
[Round "5"]
[White "Campos, Alberto"]
[Black "Guenther, Carsten"]
[Result "0-1"]
[WhiteElo "1651"]
[BlackElo "1539"]
[PlyCount "42"]
[EventDate "2010.10.26"]
[EventType "swiss"]
[EventRounds "7"]
[EventCountry "GER"]
[SourceTitle "EXT 2013"]
[Source "ChessBase"]
[SourceDate "2012.11.22"]
[SourceVersion "1"]
[SourceVersionDate "2012.11.22"]
[SourceQuality "1"]

1. d4 Nf6 2. c4 e6 3. Nc3 Bb4 4. Nf3 c5 5. e3 0-0 6. Bd3 b6 7. 0-0 Bb7 8. a3 Bxc3 9. bxc3 d6 10. Re1 Ne4 11. Qc2 f5 12. Bb2 Nd7 13. Nd2 Ndf6 14. f3 Ng5 15. e4 Nh5 16. exf5 Nf4 17. fxe6 Ngh3+ 18. gxh3 Nxh3+ 19. Kf1 Qh4 20. Ke2 Rxf3 21. d5 Re3+ 0-1

[Event "Regionalliga SO 9596"]
[Site "Bayern"]
[Date "1995.12.03"]
[Round "3"]
[White "Guenther, Carsten"]
[Black "Schmid, Georg"]
[Result "1-0"]
[WhiteElo "1905"]
[BlackElo "1640"]
[PlyCount "61"]
[EventDate "1995.10.15"]
[EventType "team-tourn"]
[EventRounds "9"]
[EventCountry "GER"]
[SourceTitle "EXT 1999"]
[Source "ChessBase"]
[SourceDate "1998.11.16"]
[SourceVersion "1"]
[SourceVersionDate "1998.11.16"]
[SourceQuality "1"]
[WhiteTeam "Unterpfaff Germering"]
[BlackTeam "Deggendorf"]
[WhiteTeamCountry "GER"]
[BlackTeamCountry "GER"]

1. e4 e5 2. Nf3 Nc6 3. Bb5 a6 4. Ba4 Nf6 5. 0-0 Be7 6. Re1 b5 7. Bb3 d6 8. c3 0-0 9. h3 Na5 10. Bc2 c5 11. d4 Qc7 12. Nbd2 cxd4 13. cxd4 Nc6 14. d5 Nb4 15. Bb1 a5 16. a3 Na6 17. Nf1 Bd7 18. Ng3 g6 19. Bg5 b4 20. Bd3 bxa3 21. bxa3 Nc5 22. Rc1 Rfc8 23. Qe2 Qd8 24. Be3 Nxd3 25. Qxd3 Rab8 26. Rxc8 Qxc8 27. Rc1 Qb7 28. Nd2 Bb5 29. Qc3 Bd8 30. Rb1 Qa6 31. a4 1-0

[Event "Regionalliga SO 9495"]
[Site "Bayern"]
[Date "1995.??.??"]
[Round "?.6"]
[White "Guenther, Carsten"]
[Black "Zepke, Armin"]
[Result "1/2-1/2"]
[WhiteElo "1975"]
[BlackElo "1950"]
[PlyCount "45"]
[EventDate "1994.10.??"]
[EventType "team-tourn"]
[EventRounds "9"]
[EventCountry "GER"]
[SourceTitle "EXT 1999"]
[Source "ChessBase"]
[SourceDate "1998.11.16"]
[SourceVersion "1"]
[SourceVersionDate "1998.11.16"]
[SourceQuality "1"]
[WhiteTeam "Unterpfaff Germering"]
[BlackTeam "Pfarrkirchen SC"]
[WhiteTeamCountry "GER"]
[BlackTeamCountry "GER"]

1. e4 c6 2. d4 d5 3. exd5 cxd5 4. Bd3 Nc6 5. Nf3 Bg4 6. c3 Qc7 7. Be3 e6 8. Nbd2 Bd6 9. Qc2 Nge7 10. h3 Bf5 11. Nf1 0-0 12. Bxf5 Nxf5 13. Rc1 Na5 14. b3 Rac8 15. Qd3 Ba3 16. Rc2 Nc6 17. Kd1 Bd6 18. Bd2 Bf4 19. g3 Bxd2 20. N1xd2 f6 21. Re1 Qd7 22. Nf1 Nd6 23. N1d2 1/2-1/2

[Event "Regionalliga SO 9495"]
[Site "Bayern"]
[Date "1994.??.??"]
[Round "?.7"]
[White "Griesbeck, Robert"]
[Black "Guenther, Carsten"]
[Result "0-1"]
[WhiteElo "1815"]
[BlackElo "1975"]
[PlyCount "76"]
[EventDate "1994.10.??"]
[EventType "team-tourn"]
[EventRounds "9"]
[EventCountry "GER"]
[SourceTitle "EXT 1999"]
[Source "ChessBase"]
[SourceDate "1998.11.16"]
[SourceVersion "1"]
[SourceVersionDate "1998.11.16"]
[SourceQuality "1"]
[WhiteTeam "Straubing SC"]
[BlackTeam "Unterpfaff Germering"]
[WhiteTeamCountry "GER"]
[BlackTeamCountry "GER"]

1. c4 e6 2. Nc3 d5 3. d4 Nf6 4. Nf3 Bb4 5. Bg5 Nbd7 6. e3 c5 7. Be2 Qa5 8. 0-0 Bxc3 9. bxc3 Ne4 10. Kh1 dxc4 11. dxc5 Qxc5 12. Qd4 Qxd4 13. cxd4 Nxg5 14. Nxg5 Nb6 15. Rfc1 Bd7 16. Ne4 Ke7 17. Nd2 Rhc8 18. Nxc4 Nxc4 19. Rxc4 Rxc4 20. Bxc4 Rc8 21. Bd3 Rc3 22. Be4 b6 23. Kg1 Kd6 24. Bxh7 g6 25. h4 Ke7 26. h5 Kf6 27. d5 Kg7 28. hxg6 fxg6 29. dxe6 Bxe6 30. Bxg6 Kxg6 31. a3 Kf6 32. Kh2 Ke5 33. Kg3 Rc2 34. Rd1 Ra2 35. Rd3 Bc4 36. f4+ Ke6 37. Rd4 Bf1 38. Rd8 Rxg2+ 0-1

[Event "Regionalliga SO 9495"]
[Site "Bayern"]
[Date "1994.??.??"]
[Round "?.7"]
[White "Schnabel, Hans"]
[Black "Guenther, Carsten"]
[Result "1-0"]
[WhiteElo "1970"]
[BlackElo "1975"]
[PlyCount "63"]
[EventDate "1994.10.??"]
[EventType "team-tourn"]
[EventRounds "9"]
[EventCountry "GER"]
[SourceTitle "EXT 1999"]
[Source "ChessBase"]
[SourceDate "1998.11.16"]
[SourceVersion "1"]
[SourceVersionDate "1998.11.16"]
[SourceQuality "1"]
[WhiteTeam "Freising SK"]
[BlackTeam "Unterpfaff Germering"]
[WhiteTeamCountry "GER"]
[BlackTeamCountry "GER"]

1. d4 d5 2. c4 e6 3. Nc3 Nf6 4. Bg5 Bb4 5. e3 Nbd7 6. a3 Bxc3+ 7. bxc3 c6 8. cxd5 exd5 9. Bd3 Qa5 10. Ne2 Ne4 11. Bh4 0-0 12. Qc2 Re8 13. 0-0 h6 14. f3 Nef6 15. e4 dxe4 16. fxe4 Qh5 17. Bg3 Nb6 18. Nf4 Qg5 19. Rae1 Bd7 20. c4 c5 21. d5 Ng4 22. Nh3 Ne3 23. Qf2 Bxh3 24. Rxe3 Bg4 25. Qxf7+ Kh8 26. Qf4 Qxf4 27. Bxf4 Nd7 28. e5 Nf8 29. e6 Bh5 30. Be5 Bg6 31. Rxf8+ Rxf8 32. Bxg6 1-0